Statistics for Massachusetts Schools of Higher Education

Click here to take the quiz!

General Stats

  • This quiz has been taken 13 times
  • The average score is 32 of 100

Answer Stats

LocationCollege/University% Correct
Chestnut HillBoston College
92%
BostonBoston University
92%
CambridgeHarvard University
85%
AmherstAmherst College
77%
BostonBunker Hill Community College
77%
BostonNortheastern University
77%
AmherstUniversity of Massachusetts Amherst
77%
BostonUniversity of Massachusetts Boston
77%
CambridgeMassachusetts Institute of Technology
69%
BostonSuffolk University
69%
DartmouthUniversity of Massachusetts Dartmouth
69%
LowellUniversity of Massachusetts Lowell
69%
WelleslyWellesley College
69%
BostonEmerson College
62%
BostonEmmanuel College
62%
Medford, SomervilleTufts University
62%
WalthamBrandeis University
54%
CambridgeCambridge College
54%
WorcesterClark University
54%
WorcesterCollege of the Holy Cross
54%
FitchburgFitchburg State University
54%
FraminghamFramingham State University
54%
CambridgeLesly University
54%
Boston, Worcester, Manchester*Massachusetts College of Pharmacy and Health Sciences
54%
South HadleyMount Holyoke College
54%
SalemSalem State University
54%
SpringfieldSpringfield College
54%
EastonStonehill College
54%
WorcesterWorcester State University
54%
BridgewaterBridgewater State University
46%
North AndoverMerrimack College
46%
RoxburyRoxbury Community College
46%
BostonSimmons University
46%
NorthamptonSmith College
46%
WilliamstownWIlliams College
46%
WorcesterWorcester Polytechnic Institute
46%
WorcesterAssumption University
38%
WellesleyBabson College
38%
BostonBerklee College of Music
38%
BeverlyEndicott College
38%
WenhamGordon College
38%
BostonMassachusetts College of Art and Design
38%
QuincyQuincy College
38%
WestfieldWestfield State University
38%
SpringfieldAmerican International College
31%
WalthamBentley University
31%
West BarnstableCape Cod Community College
31%
MiltonCurry College
31%
NewtonLasell University
31%
BourneMassachusetts Maritime Academy
31%
BeverlyMontserrat College of Art
31%
HaverhillNorthern Essex Community College
31%
DanversNorth Shore Community College
31%
WestonRegis College
31%
NortonWheaton College
31%
PaxtonAnna Maria College
23%
AmherstHampshire College
23%
North AdamsMassachusetts College of Liberal Arts
23%
Lowell, BedfordMiddlesex Community College
23%
Great BarringtonBard College at Simon's Rock
15%
BostonBenjamin Franklin Institute of Technology
15%
PittsfieldBerkshire Community College
15%
Fall River, New Bedford, Attleboro, TauntonBristol Community College
15%
FranklinDean College
15%
WellesleyMassachusetts Bay Community College
15%
NeedhamOlin College
15%
SpringfieldSpringfield Technical Community College
15%
WorcesterUniversity of Massachusetts Medical School
15%
SpringfieldWestern New England University
15%
LongmeadowBay Path University
8%
BostonBoston Architectural College
8%
MiltonBoston Baptist College
8%
ChicopeeElms College
8%
GreenfieldGreenfield Community College
8%
HolyokeHolyoke Community College
8%
AndoverMassachusetts School of Law
8%
Brockton, Middleboro, CantonMassasoit Community College
8%
BostonNew England Conservatory of Music
8%
DudleyNichols College
8%
HaverhillNorthpoint Bible College
8%
WorcesterQuinsigamond Community College
8%
BrooklineBoston Graduate School of Psychoanalysis
0%
NorthamptonConway School of Landscape Design
0%
QuincyEastern Nazarene College
0%
BostonFisher College
0%
South HamiltonGordon-Conwell Theological Seminary
0%
NewtonHebrew College
0%
BrooklineHellenic College Holy Cross Greek Orthodox School of Theology
0%
CambridgeHult International Business School
0%
BostonLabouré College
0%
CambridgeLongy School of Music of Bard College
0%
BostonMGH Institute of Health Professions
0%
GardnerMount Wachusett Community College
0%
BostonNew England College of Optometry
0%
BostonNew England Law Boston
0%
WestonPope Saint John XXIII National Seminary
0%
BrightonSaint John's Seminary
0%
BostonUrban College of Boston
0%
BostonWentworth Institue of Tehnology
0%
BostonWilliam James College
0%

Score Distribution

Percentile by Number Answered

Percent of People with Each Score

Your Score History

You have not taken this quiz